Hieroglyphic inscriptions from the Fayyum /

محفوظ في:

المؤلف الرئيسي: Zecchi, Marco.

التنسيق: كتاب

اللغة: English

منشور في: Imola (Bologna) : La mandragora ; c2002-

الموضوعات:

الوسوم: إضافة وسم

لا توجد وسوم, كن أول من يضع وسما على هذه التسجيلة!

رقم الطلب: PJ1526 .F39 Z43 v.1-3

LEADER 00830nam a22002417a 4500
003 OSt
005 20251020101543.0
008 251020m20029999it b 000 0 eng d
020 |a 8888108564 
040 |c ARCE Library 
050 1 4 |a PJ1526 .F39  |b Z43 v.1-3 
100 1 |a Zecchi, Marco. 
245 1 0 |a Hieroglyphic inscriptions from the Fayyum /   |c Marco Zecchi ; with a preface by Sergio Pernigotti. 
264 1 |a Imola (Bologna) :   |b La mandragora ;   |c c2002- 
300 |a v. ;   |c 24 cm. 
500 |a At head of title: University of Bologna, Department of Archaeology, Fayyum Project. 
504 |a Includes bibliographical references. 
650 0 |a Inscriptions, Egyptian. 
651 0 |a Egypt -- Fayyūm (Province). 
651 0 |a Fayyūm (Egypt : Province) -- Antiquities. 
901 |a reviewed 
942 |2 lcc  |c BK 
999 |c 50133  |d 50133